| 000 | 01237nam a22002777a 4500 | ||
|---|---|---|---|
| 999 |
_c330336 _d330336 |
||
| 001 | 44218 | ||
| 003 | UA-OsUOA | ||
| 005 | 20230504161238.0 | ||
| 007 | ta | ||
| 008 | 20070214b un ||||| |||| 00| 0 ukr d | ||
| 020 | _a966-351-100-1 | ||
| 040 |
_aUA-OsUOA _bukr _cUA-OsUOA _dUA-OsUOA |
||
| 041 | _aukr | ||
| 080 | _a343.9(042.4) | ||
| 090 |
_a343.9(042.4) _bК93 |
||
| 100 | _aКурило В. І. | ||
| 245 |
_aКримінологія: загальна частина _bнавчальний посібник _cКурило В. Л., Михайлов О. Є., Яра О. С. |
||
| 260 |
_aК. _bКондор _c2006 |
||
| 300 | _a192 с. | ||
| 520 | _aУ пропонованому курсі лекцій із кримінології викладені основні положення кримінологічної науки, підкріплені значною кількістю статистичних даних і прикладів із практики. | ||
| 650 | 7 |
_a343 Кримінальне право. Карні порушення _2UDC |
|
| 700 | _aМихайлов О. Є. Яра О. С. | ||
| 942 |
_cBK _2udc |
||
| 955 | _a2 | ||